00528nam a2200193 a 4500001001300000003000900013005001700022008004100039020001000080082001600090100002200106245005000128260004200178300000900220500003500229505001000264650003800274700002200312nice12345678IN_TiNIC20260116015308.0070530s1987 mica grp 000 0 eng  ac10000a303.61bWAK aWakefield, Norman aSolving Problems Before They Become Conflicts aMichigan bZondervan Pub.House c1987 a224p aincludes index and biblioraphy2 anotes aConflict Resolution-Relig Aspects1 aWakefield, Norman